000
00285nam a2200121Ia 4500
008
190216s9999||||xx |||||||||||||| ||und||
100
_a
Haynes W
245
0
_a
Refresher Course In Management
260
_b
Mannora Publications
_c
1991
300
_a
392
650
_a
Commerce
942
_c
BK
999
_c
5489
_d
5489